| 000 | 00619nam a2200145 a 4500 | ||
|---|---|---|---|
| 008 | 120416s1969 ||||||||||||||||| || u | ||
| 050 | _aT 353 Mal | ||
| 100 | _aMalcolm, W. F | ||
| 245 | 1 | 0 | _aMetric drawing working sheets |
| 260 |
_aEdinburgh _bOliver and Boyd _c1969 |
||
| 300 | _aIv, 60p. : ill | ||
| 350 | _a0.00 | ||
| 995 |
_aMAIN LIBRARY OPEN ACCESS _D0.00 _e719824 _FCBU-MAIN LIBRARY (Kitwe) _H2 _I8.95 _jT 353 Mal _M1 _UAVAILABLE _y025531 _ZMain Library Open Access Collection |
||
| 995 |
_aBINDERY (DAMAGED) _D0.00 _e719823 _FCBU-MAIN LIBRARY (Kitwe) _H1 _I8.95 _jT 353 Mal _UDAMAGED _y018390 _ZMain Library Open Access Collection |
||
| 999 |
_c82889 _d82889 |
||